Reflections on Comparisons

Bibliographic Details
Main Author: Pokrivčák, Anton, 1962- (Author)
Format: Article
Language:English

MARC

LEADER 00000nab a2200000ua 4500
001 vtls010841019
003 SK-MaSNL
005 20260303183621.0
008 230222s2012 xo |||||||||||||||||eng|
035 |a (urnnbn)urn:nbn:sk:snk:ar-a06y2z 
035 |a urn:nbn:sk:snk-ab63o1 
035 |a (uuid)f7f09fc6-a61e-4319-a539-e4a115f900ec 
040 |a SNKBUCL  |b slo  |c SNKBUCL  |e AACR2 
041 0 |a eng 
044 |a xo  |c SK 
100 1 |a Pokrivčák, Anton,  |d 1962-  |4 aut  |9 233384 
245 1 0 |a Reflections on Comparisons  |c Anton Pokrivčák 
773 0 |t Ars aeterna : across cultures across centuries - acknowledging the difference  |g Roč. 4, č. 2 (2012), s. 141-143 
958 |a OND 
958 |a EUIPO 
958 |a article5 
999 |c 2122209  |d 2124139